Šimonovy pracovní listy. 14, Grafomotorická cvičení : motivační kresby k uvolnění ruky a veselé kreslení jedním tahem : předlohy ke kopírování /

Hlavní autor: Pilařová, Marie
Jazyk: Čeština
Vydáno: Praha : Portál, 2016
Vydání: Vydání druhé
Témata:
Fyzický popis: 63 nečíslovaných stran : ilustrace ; 30 cm
Knihy
Uloženo v:
LEADER 02048nam a2200553 i 4500
001 nkc20162791745
003 CZ PrNK
005 20160624074325.0
007 ta
008 160408s2016 xr a e f 000 0 cze
015 |a cnb002791745 
020 |a 978-80-262-1084-9  |q (brožováno) 
035 |a (OCoLC)953516093 
040 |a ABA001  |b cze  |d OLA001  |e rda 
072 7 |a 373.2/.3  |x Předškolní a primární výchova a vzdělávání  |2 Konspekt  |9 22 
080 |a 316.346.32-053.4  |2 MRF 
080 |a 316.346.32-053.5  |2 MRF 
080 |a 741  |2 MRF 
080 |a 159.946.4  |2 MRF 
080 |a (076.1)  |2 MRF 
080 |a (072)  |2 MRF 
100 1 |a Pilařová, Marie  |7 kv2008437726  |4 aut  |4 ill 
245 1 0 |a Šimonovy pracovní listy.  |n 14,  |p Grafomotorická cvičení : motivační kresby k uvolnění ruky a veselé kreslení jedním tahem : předlohy ke kopírování /  |c Marie Pilařová 
246 3 0 |a Grafomotorická cvičení 
250 |a Vydání druhé 
264 1 |a Praha :  |b Portál,  |c 2016 
300 |a 63 nečíslovaných stran :  |b ilustrace ;  |c 30 cm 
336 |a text  |b txt  |2 rdacontent 
336 |a statický obraz  |b sti  |2 rdacontent 
337 |a bez média  |b n  |2 rdamedia 
338 |a svazek  |b nc  |2 rdacarrier 
521 8 |a Pro mateřské školy a první ročníky ZŠ 
650 0 7 |a děti předškolního věku  |7 ph119710  |2 czenas 
650 0 7 |a děti školního věku  |7 ph119714  |2 czenas 
650 0 7 |a kreslení  |7 ph121945  |2 czenas 
650 0 7 |a grafomotorika  |7 ph120600  |2 czenas 
650 0 9 |a preschool children  |2 eczenas 
650 0 9 |a school children  |2 eczenas 
650 0 9 |a drawing  |2 eczenas 
650 0 9 |a graphomotorics  |2 eczenas 
655 7 |a pracovní listy  |7 fd250497  |2 czenas 
655 7 |a metodické příručky  |7 fd132826  |2 czenas 
655 9 |a activity pages  |2 eczenas 
655 9 |a methodological manuals  |2 eczenas 
910 2 |a BOA001  |b 4-1056.953,14 
990 |a BK 
995 |a 01 
991 |b 201606  |c NOV 
996 6 |b 2610673435  |c 4-1056.953,14  |l MZK  |r Sklad / do 1 hodiny  |n 1  |p p.v.  |w 001565842  |u 000010  |a 1  |e BOA001  |j MZK50  |s P